000 00476nam a22001697a 4500
003 SISC
005 20160404151526.0
008 130817t xxu||||| |||| 00| 0 eng d
020 _a0393950077
050 _aHN 57
_b.K97 1979
082 _aHS 309.173
_bK95 1979
245 _aLooking for America:
_b The People's History
_cKutler, Stanley I.
260 _aNew York :
_bW.W.Norton & Company,
_c1979
300 _a477 p.,
_bill.
_c 24 cm.
942 _2lcc
_cBK
999 _c8912
_d8912